| 000 | 00816nam a2200265 i 4500 | ||
|---|---|---|---|
| 001 | bg | ||
| 100 | 1 | _aGUTIERREZ, Dan D. | |
| 245 | 1 | 0 |
_aWeb database development for Windows platforms / _cDan D. Gutierrez. |
| 260 |
_aUpper Saddle River : _bPrentice Hall, _ccop.2000. |
||
| 300 |
_aXVI, 475 s. : _bil. ; _c24 cm. |
||
| 490 | 1 | _aPrentice Hall Series on Microsoft Technologies | |
| 504 | _aIndeks. | ||
| 650 | 9 |
_aBaza danych _xbudowa i organizacja |
|
| 650 | 9 |
_aStrony WWW _xprogramowanie |
|
| 650 | 9 |
_aMikroprocesor _xprogramowanie |
|
| 650 | 9 | _aWindows | |
| 830 | _aPrentice Hall Series on Microsoft Technologies | ||
| 020 | _a0130139855 | ||
| 040 | _cBPK | ||
| 041 | 0 | _aen | |
| 080 | _a004.738.52:004.6:004.31 | ||
| 920 | _a0-13-013985-5 | ||
| 942 | _cKS | ||
| 008 | s pl f |000 0 pol | ||
| 999 |
_c36583 _d36583 |
||
| 856 |
_uhttp://koha.tu.koszalin.pl/cgi-bin/koha/opac-detail.pl?biblionumber=36583 _yKatalog online BPK |
||